MARC

Tag First Indicator Second Indicator Subfields
LEADER 00000cam a2200000 a 4500
001 in00004597921
008 960605s1993 gr a bc 001 0 ita
005 20221018210415.8
010 |a  96157011  
035 |a (OCoLC)ocm40698101  
040 |a DLC  |b eng  |c DLC  |d OCLCG  |d UKMGB  |d OCLCA  |d OCLCQ  |d OCLCO  |d UPX  |d OCLCA  |d OCLCF  |d OCLCO  |d OCL  |d OCLCQ  |d OCLCO  |d UEJ  |d OCLCQ  |d OCLCA  |d OCL  |d OCLCO 
016 7 |a 008186720  |2 Uk 
019 |a 32535751  |a 33414743  |a 1006260751  |a 1124495234 
020 |a 9608546141 
020 |a 9789608546141 
035 |a (OCoLC)40698101  |z (OCoLC)32535751  |z (OCoLC)33414743  |z (OCoLC)1006260751  |z (OCoLC)1124495234 
041 0 |a ita  |a gre 
043 |a e-it--- 
050 0 0 |a Z228.G74  |b E35 1993 
245 0 3 |a Le edizioni di testi greci da Aldo Manuzio e le prime tipografie greche di Venezia /  |c catalogo a cura di M.I. Manoussacas e C. Staïkos. 
246 1 5 |a Ekdoseis tōn Hellēnikōn vivliōn apo ton Aldo Manoutio kai ta prōta Hellēnika typographeia tēs Venetias 
260 |a Atene :  |b Hidryma Hellēnikou Politismou,  |c 1993. 
300 |a 154 pages :  |b illustrations (some color) ;  |c 28 cm. 
336 |a text  |b txt  |2 rdacontent 
337 |a unmediated  |b n  |2 rdamedia 
338 |a volume  |b nc  |2 rdacarrier 
490 1 |a Venetiae quasi alterum Byzantium ;  |v 4/93 
546 |a Text in Italian and Greek. 
504 |a Includes bibliographical references (pages 147-150) and index. 
600 1 0 |a Manuzio, Aldo,  |d 1449 or 1450-1515  |v Exhibitions. 
650 0 |a Printing, Greek  |z Italy  |z Venice  |x History  |v Bibliography  |v Exhibitions. 
650 0 |a Greek imprints  |z Italy  |z Venice  |v Exhibitions. 
650 0 |a Early printed books  |z Italy  |z Venice  |y 16th century  |v Bibliography  |v Exhibitions. 
600 1 4 |a Manuzio, Aldo,  |d 1449 or 1450-1515  |v Exhibitions. 
650 6 |a Imprimerie grecque  |z Italie  |z Venise  |x Histoire  |v Livres  |v Expositions. 
650 6 |a Imprimés grecs  |z Italie  |z Venise  |v Expositions. 
650 6 |a Livres anciens  |z Italie  |z Venise  |y 16e siècle  |v Livres  |v Expositions. 
600 1 7 |a Manuzio, Aldo,  |d 1449 or 1450-1515.  |2 fast  |0 (OCoLC)fst01832776 
650 7 |a Early printed books.  |2 fast  |0 (OCoLC)fst00900645 
650 7 |a Greek imprints.  |2 fast  |0 (OCoLC)fst00947175 
650 7 |a Printing, Greek.  |2 fast  |0 (OCoLC)fst01076784 
651 7 |a Italy  |z Venice.  |2 fast  |0 (OCoLC)fst01204473 
648 7 |a 1500-1599  |2 fast 
653 |a Italy  |a Venice  |a Printing  |a Manutius, Aldus  |a c  |a 1450-1515 
653 |a Books in Greek  |a to date 
655 7 |a Bibliographies.  |2 fast  |0 (OCoLC)fst01919895 
655 7 |a Exhibition catalogs.  |2 fast  |0 (OCoLC)fst01424028 
655 7 |a History.  |2 fast  |0 (OCoLC)fst01411628 
700 1 |6 880-01  |a Manousakas, M. I.,  |d 1914-2003. 
700 1 |a Staikos, K. 
830 0 |a Venetiae quasi alterum Byzantium ;  |v 4/93. 
830 0 |a Venetiae quasi alterum Byzantium ;  |v 4. 
880 2 |6 110-00  |a Ίδρυμα Ελληνικού Πολιτισμού (Αθήνα, Ελλάδα) 
880 1 |6 700-00  |a Στάικος, Κωνσταντίνος Σπ. 
880 1 |6 700-01  |a Μανούσακας, Μανούσος Ι.  |d 1914-2003. 
029 1 |a AU@  |b 000012492034 
029 1 |a UKMGB  |b 008186720 
994 |a Z0  |b TXA 
948 |h NO HOLDINGS IN TXA - 15 OTHER HOLDINGS 
999 f f |s 8166c84b-cdda-4a3d-bb25-a51c9f75418c  |i 0a301b9d-debb-4437-be53-d54cc10e0fd6  |t 0 
952 f f |p noncirc  |a Texas A&M University  |b College Station  |c Cushing Memorial Library & Archives  |d Cushing: Bibliographic Reference (Does not check out)  |t 0  |e Z228.G74 E35 1993  |h Library of Congress classification  |i unmediated -- volume  |m A1485288690I 
998 f f |a Z228.G74 E35 1993  |t 0  |l Cushing: Bibliographic Reference (Does not check out)